Compagnies aériennes ou pas ? (mort subite) - Statistiques

Statistiques générales
  • Ce quiz a été pris 181 fois
  • Le résultat moyen est 7 sur 13
Answers on the Grid
Answers color-coded by a green-red scale on the quiz's grid according to % correct below.
Tamair
Frigide Air
Air Inuit
Cremesol Air
Air Tahiti
Air Ection
Courand Air
Air Albania
Niktam Air
Air Denepahitouché
Air Afghanistan International
Princedebel Air
Air Berlin
Air Express Algéria
Urtic Air
Air Europe
Air labrador
Air Italy
Air Otique
Air georgia
Magnum Air
Contact Air
Air Bacha
 
Statistiques - réponses
Réponse % Correct
Air Tahiti
85%
Air Albania
78%
Air Berlin
67%
Air georgia
67%
Air Europe
65%
Air Afghanistan International
61%
Air Italy
60%
Air Express Algéria
57%
Air Inuit
52%
Magnum Air
32%
Tamair
28%
Air labrador
25%
Contact Air
23%
Aucun quiz correspondant
Distribution des résultats
% des personnes avec chaque résultat
Percentile par nombre de réponses
Votre historique - résultats
Vous n’avez pas pris ce quiz